000 003960000a22001690004500
003 LK-CoMWRAF
008 230817t ||||| |||| 00| 0 eng d
040 _aLK-CoMWRAF
_dLK-CoMWRAF
_eLK-CoMWRAF
041 _aeng
082 _a150
_bKOM
100 _aKomaini Imam
245 _aIslamiya Arasu
_b
260 _aMadras
_bIlakiya chorlai
_61994
300 _ap.240
650 _aIslam
942 _cBK
999 _c2863
_d2863